[Event "Wisla BES op"]
[Site "Wisla"]
[Date "1992.??.??"]
[Round "4"]
[White "Serper, Grigory"]
[Black "Wehmeier, Stefan"]
[Result "1-0"]
[WhiteElo "2540"]
[BlackElo "2315"]

1.c4 e6 2.Nc3 Bb4 3.e4 Ne7 4.d4 d5 5.Bd3 c5 6.a3 Ba5 7.b4 cxb4 8.axb4 Bxb4
9.Qb3 Nbc6 10.Nf3 a5 11.O-O dxe4 12.Nxe4 f5 13.Ng3 Nxd4 14.Nxd4 Qxd4 15.Bb2 Qg4
16.Be2 Qg5 17.Bh5+ Kf8 18.Rfd1 Nc6 19.Bf3 Qe7 20.Nh5 Rg8 21.Nf4 Kf7 22.Bxc6 bxc6
23.Qh3 Qg5 24.Nd3 Bd6 25.c5 Bc7 26.Be5 Bd8 27.Bf4 Qh4 28.Ne5+ Kf8 29.g3 Qf6
30.Qxh7 Be7 31.Nxc6 e5 32.Nxe5 g5 33.Nd3 gxf4 34.Nxf4 Ra6 35.Re1 Qf7 36.Qh3 Bg5
37.Nd3 Bb7 38.c6 Bxc6 39.Ne5 Qd5 40.Qxf5+ Kg7 41.Qxg5+ Kh7 42.Qh5+ Kg7 43.Qg6+  1-0

[Event "Wisla BES op"]
[Site "Wisla"]
[Date "1992.??.??"]
[Round "5"]
[White "Maciejewski, Miroslaw"]
[Black "Serper, Grigory"]
[Result "1-0"]
[WhiteElo "2330"]
[BlackElo "2540"]

1.e4 c5 2.Nf3 d6 3.d4 cxd4 4.Nxd4 Nf6 5.Nc3 Nc6 6.Be3 Ng4 7.Nxc6 bxc6 8.Bg5 Qb6
9.Qd2 h6 10.Bh4 Qxb2 11.Rb1 Qa3 12.h3 Nf6 13.e5 Nd7 14.exd6 Qxd6 15.Bd3 g5
16.Bg3 Qe6+ 17.Kd1 Bg7 18.Re1 Be5 19.Bxe5 Nxe5 20.f4 gxf4 21.Qxf4 Nxd3 22.cxd3 Qg6
23.Re3 Qf5 24.Qd4 Rg8 25.g4 Qd7 26.Qe5 Kf8 27.Kd2 Qd6 28.Qh5 Rg6 29.Rbe1 Rb8
30.Rxe7 Rb2+ 31.Kc1 Rf2 32.Re8+ Kg7 33.Qe5+ Qxe5 34.R1xe5 Ba6 35.Rd8 Rh2
36.Ree8 Re6 37.Rg8+ Kf6 38.Ne4+ Ke5 39.Nc5 Re7 40.Nxa6 Kf6 41.Rd6+ Ke5 42.Rxc6 Kf4
43.Rc2 Rh1+ 44.Kb2 Rb7+ 45.Ka3 Rxh3 46.Nc5 Rb1 47.Rf8 Kxg4 48.Rxf7 Rh5 49.Nb3 Rd5
50.d4 h5 51.Rc5 Rd6 52.Rg7+ Kh4 53.Rh7 Ra6+ 54.Na5  1-0

[Event "Wisla BES op"]
[Site "Wisla"]
[Date "1992.??.??"]
[Round "6"]
[White "Serper, Grigory"]
[Black "Perdek, Miroslaw"]
[Result "1-0"]
[WhiteElo "2540"]
[BlackElo "2270"]

1.c4 Nf6 2.Nc3 e5 3.Nf3 Nc6 4.g3 Bc5 5.Bg2 O-O 6.O-O d6 7.a3 a6 8.e3 Re8
9.d3 h6 10.b4 Ba7 11.Bb2 Be6 12.Rc1 d5 13.cxd5 Nxd5 14.Nxd5 Bxd5 15.e4 Ba2
16.Qc2 Bb6 17.Ba1 Be6 18.Nxe5 Nd4 19.Bxd4 Bxd4 20.Nf3 c6 21.Nxd4 Qxd4 22.Qc3 Red8
23.Rfd1 Qxc3 24.Rxc3 Rd4 25.Rb1 Kf8 26.Kf1 Rad8 27.Ke2 R8d7 28.Ke3 Ke7 29.f4 f6
30.Bf3 Kd8 31.Bd1 Kc7 32.Bb3 Bxb3 33.Rbxb3 Rd8 34.Rc5 R4d6 35.Rc4 b5 36.Rc5 Kb6
37.Rbc3 Ra8 38.d4 a5  1-0

[Event "Wisla BES op"]
[Site "Wisla"]
[Date "1992.??.??"]
[Round "8"]
[White "Serper, Grigory"]
[Black "Zolnierowicz, Krzysztof"]
[Result "1-0"]
[WhiteElo "2540"]
[BlackElo "2360"]

1.c4 e6 2.g3 d5 3.Bg2 Nf6 4.Nf3 c5 5.cxd5 exd5 6.d4 Be7 7.O-O O-O 8.b3 Nc6
9.Bb2 Re8 10.Nc3 Bg4 11.Rc1 cxd4 12.Nxd4 Bf8 13.Rc2 Qa5 14.Nxc6 bxc6 15.Na4 Re6
16.Qd3 Bh5 17.Bh3 Bg6 18.Qd2 Qxd2 19.Rxd2 Bb4 20.Bc3 Bxc3 21.Nxc3 Rd6 22.Rc1 Rb8
23.f3 Rb4 24.e4 Ne8 25.e5 Rd8 26.Na4  1-0

[Event "Groningen PCA"]
[Site "Groningen"]
[Date "1993.??.??"]
[Round "9"]
[White "Serper, Grigory"]
[Black "Kortschnoj, Viktor"]
[Result "0-1"]
[WhiteElo "2575"]
[BlackElo "2625"]

1.c4 Nf6 2.Nc3 e5 3.Nf3 Nc6 4.g3 d5 5.cxd5 Nxd5 6.Bg2 Nb6 7.O-O Be7 8.Rb1 g5
9.d3 h5 10.a3 h4 11.b4 hxg3 12.hxg3 a6 13.b5 Nd4 14.Nxd4 exd4 15.bxa6 Rxa6
16.Nb5 Na4 17.e3 c6 18.Nxd4 Nc3 19.Qc2 Nxb1 20.Qxb1 Qd6 21.Qb3 Qh6 22.Re1 c5
23.Nf3 Bh3 24.Qxb7 Bxg2 25.Qc8+ Bd8 26.Kxg2 Re6 27.Ng1 Qh1+ 28.Kf1 Rf6 29.e4 Rh2
30.Ke2 Rhxf2+ 31.Kd1 Rd6 32.Be3 Rxd3+ 33.Kc1 Rc3+ 34.Kd1 Qh6  0-1

[Event "Groningen PCA"]
[Site "Groningen"]
[Date "1993.??.??"]
[Round "11"]
[White "Serper, Grigory"]
[Black "Malaniuk, Vladimir P"]
[Result "1/2-1/2"]
[WhiteElo "2575"]
[BlackElo "2635"]

1.d4 d5 2.Nf3 Bf5 3.c4 e6 4.Nc3 c6 5.Bg5 Be7 6.Bxe7 Qxe7 7.e3 Nf6 8.Bd3 Bxd3
9.Qxd3 O-O 10.O-O Nbd7 11.e4 Nxe4 12.Nxe4 dxe4 13.Qxe4 Nf6 14.Qe2  1/2-1/2

[Event "Wch Team"]
[Site "Luzern"]
[Date "1993.??.??"]
[Round "5"]
[White "Serper, Grigory"]
[Black "Nogueiras, Jesus"]
[Result "1/2-1/2"]
[WhiteElo "2575"]
[BlackElo "2580"]

1.c4 e6 2.g3 d5 3.Bg2 c6 4.Qc2 Nf6 5.Nf3 Nbd7 6.O-O Bd6 7.b3 O-O 8.Bb2 e5
9.d3 Re8 10.Nbd2 a5 11.Rac1 Qe7 12.cxd5 cxd5 13.e4 dxe4 14.Nxe4 Nxe4 15.dxe4 Nf6
16.Rfd1  1/2-1/2

[Event "Novosibirsk"]
[Site "Novosibirsk"]
[Date "1993.??.??"]
[Round "8"]
[White "Vaisser, Anatoli"]
[Black "Serper, Grigory"]
[Result "1/2-1/2"]
[WhiteElo "2555"]
[BlackElo "2590"]

1.d4 Nf6 2.c4 e6 3.Nc3 Bb4 4.e3 c5 5.Ne2 b6 6.a3 Ba5 7.Rb1 Na6 8.Ng3 Bb7
9.Bd3 h5 10.d5 exd5 11.Nf5 Qb8 12.cxd5 g6 13.Ng3 Nxd5 14.Bd2 Nxc3 15.bxc3 Qe5
16.f4 Qe7 17.Qe2 h4 18.Bxa6 Bxa6 19.Qxa6 hxg3 20.h3 Qe4 21.O-O Bxc3 22.Bxc3 Qxe3+
23.Kh1 Qxc3 24.Qe2+ Kf8 25.f5 Re8 26.Qg4 gxf5 27.Qxf5 Re7 28.Rbd1 Qc4 29.Qf6 Qh4
30.Qd6 Qg5 31.Rf3 Qe5 32.Qd3 Qe2 33.Rxg3 Qxd3 34.Rgxd3 Ke8 35.Kh2 Rh6 36.a4 Rhe6
37.Rg3 d6 38.Rg8+ Kd7 39.Ra8 Kc6 40.h4 Re4 41.Rc8+ Kd7 42.Rh8 Rxa4 43.h5 f5
44.g3 f4 45.g4 Re3 46.Rh6 Ra2+ 47.Kg1 Rg3+ 48.Kf1 Rxg4 49.Rdxd6+ Ke7 50.Rhe6+ Kf7
51.Rf6+ Ke7 52.h6 Rh2 53.Rfe6+ Kf7 54.Rf6+ Ke7 55.Rfe6+ Kf7 56.Rf6+ Kg8 57.Rd8+ Kh7
58.Rd7+ Kh8 59.Rxa7 b5 60.Rc7 c4 61.Rb6 Rg3 62.Rb8+ Rg8 63.Rbb7 Rxh6 64.Rxb5 f3
65.Rbc5 Rh1+ 66.Kf2 Rh3 67.Rc8  1/2-1/2

[Event "Novosibirsk"]
[Site "Novosibirsk"]
[Date "1993.??.??"]
[Round "9"]
[White "Serper, Grigory"]
[Black "Epishin, Vladimir"]
[Result "1/2-1/2"]
[WhiteElo "2590"]
[BlackElo "2620"]

1.e4 c6 2.d4 d5 3.Nd2 dxe4 4.Nxe4 Nd7 5.Nf3 Ngf6 6.Nxf6+ Nxf6 7.Bc4 Bf5 8.O-O e6
9.Bf4 Bg4 10.c3 Bd6 11.Bxd6 Qxd6 12.Be2 O-O 13.h3 Bh5 14.Ne5 Bxe2 15.Qxe2 Rad8
16.Rfd1 Qc7 17.Rd3 Rd5 18.Rad1 Rfd8 19.c4 R5d6 20.b3 Nd7 21.Nf3 Nf6 22.Ne5 Nd7
23.Nf3 Nf6 24.Ne5  1/2-1/2

[Event "St Petersburg op"]
[Site "St Petersburg"]
[Date "1993.??.??"]
[Round "?"]
[White "Vaulin, Alexander"]
[Black "Serper, Grigory"]
[Result "1/2-1/2"]
[WhiteElo "2500"]
[BlackElo "2575"]

1.c4 Nf6 2.g3 e6 3.Bg2 d5 4.Nf3 d4 5.b4 c5 6.Bb2 Qb6 7.Qb3 Nc6 8.bxc5 Bxc5
9.O-O O-O 10.Na3 e5 11.Qxb6 Bxb6 12.Nb5 Rd8  1/2-1/2

[Event "St Petersburg op"]
[Site "St Petersburg"]
[Date "1993.??.??"]
[Round "?"]
[White "Galdunts, Sergey"]
[Black "Serper, Grigory"]
[Result "0-1"]
[WhiteElo "2450"]
[BlackElo "2575"]

1.e4 c5 2.Nf3 d6 3.d4 cxd4 4.Qxd4 a6 5.Bg5 Nc6 6.Qd2 h6 7.Bh4 g5 8.Bg3 Bg7
9.Nc3 Nf6 10.Bd3 Nh5 11.Be2 Be6 12.Nd5 Rc8 13.c3 Qa5 14.O-O Nf6 15.Nxf6+ Bxf6
16.Rfd1 g4 17.Ne1 h5 18.Nc2 Bg5 19.Bf4 Bxf4 20.Qxf4 Qe5 21.Qe3 h4 22.Nd4 g3
23.f4 gxh2+ 24.Kxh2 Qg7 25.Nxe6 fxe6 26.Rd3 e5 27.Qh3 Kd8 28.Bg4 Rb8 29.f5 Kc7
30.Qf3 Rbg8 31.Bh3 Nd8 32.f6 exf6 33.Qf5 Nf7 34.Qd7+ Kb8 35.Rf1 Rh6 36.Rdf3 Ng5
37.Qxd6+ Ka8 38.Rxf6 Nf7 39.Qe7 Qg3+ 40.Kh1 Rxf6 41.Qxf6 Ng5 42.Qf5 Qd3 43.Kh2 Nxh3
44.Rf3 Qe2 45.Qxh3 Qxb2 46.a4 Qe2 47.Re3 Rxg2+ 48.Qxg2 Qxe3 49.Qg8+ Ka7 50.Qc8 Qf4+
51.Kg1 Qxe4 52.Qc5+ Kb8 53.Qd6+ Kc8 54.Qe6+ Kc7 55.Qe7+ Kb6 56.Qd6+ Ka5  0-1

[Event "St Petersburg op"]
[Site "St Petersburg"]
[Date "1993.??.??"]
[Round "?"]
[White "Serper, Grigory"]
[Black "Korotylev, Alexey"]
[Result "1-0"]
[WhiteElo "2575"]
[BlackElo "2420"]

1.c4 g6 2.e4 Bg7 3.d4 d6 4.Nc3 Nf6 5.Be2 O-O 6.Bg5 Na6 7.Qd2 e5 8.d5 Qe8
9.Bd3 Nh5 10.Nge2 f5 11.f3 Nc5 12.Bc2 a5 13.exf5 gxf5 14.O-O Bd7 15.Rae1 Qg6
16.Be3 b6 17.Kh1 Nf6 18.g4 h5 19.gxf5 Bxf5 20.Bxf5 Qxf5 21.Ng3 Qh7 22.Bxc5 bxc5
23.Rg1 Kh8 24.Qg2 Bh6 25.Nce4 h4 26.Nxf6 Rxf6 27.Ne4 Rf4 28.Qh3 Raf8 29.Rg4 Rxf3
30.Qxh4 R3f4 31.b3 Rxg4 32.Qxg4 Qf5 33.Qxf5 Rxf5 34.Kg2 Bf4 35.h4 Rf8 36.Kh3 Kh7
37.Rf1 Kh6 38.Nc3 Kh5 39.Ne2 Rf7 40.Rf2 Rf6 41.Ng3+ Kh6 42.Ne4 Rf8 43.Kg4 Kg7
44.Nc3 Kf6 45.Ne4+ Kg7 46.Rf3 Rf7 47.Rf1 Rf8 48.Rf2 Rf7 49.Kh5 Rf8 50.Rg2+ Kf7
51.Kg4 Rg8+ 52.Kf3 Rh8 53.Rg4 a4 54.bxa4 Rb8 55.h5 Rb4 56.a5 Rxc4 57.h6 Rc2
58.Rg7+ Kf8 59.Rxc7 Bxh6 60.a6  1-0

[Event "Jakarta"]
[Site "Jakarta"]
[Date "1994.??.??"]
[Round "2"]
[White "Xie Jun"]
[Black "Serper, Grigory"]
[Result "1-0"]
[WhiteElo "2515"]
[BlackElo "2560"]

1.e4 c5 2.Nf3 d6 3.d4 cxd4 4.Nxd4 Nf6 5.Nc3 Nc6 6.Be2 g6 7.Nb3 Bg7 8.O-O O-O
9.Bg5 a6 10.f4 b5 11.Bf3 Bb7 12.Nd5 Nd7 13.c3 Re8 14.Kh1 a5 15.Qd2 a4 16.Nc1 a3
17.Nd3 axb2 18.Qxb2 Qc8 19.Rac1 e6 20.Ne3 Nf6 21.Qf2 h6 22.Bxf6 Bxf6 23.e5 Bg7
24.c4 Nd4 25.cxb5 Qb8 26.Bxb7 Qxb7 27.b6 Qe4 28.Rfd1 dxe5 29.fxe5 Nf5 30.Nxf5 exf5
31.Nc5 Qxe5 32.b7 Rad8 33.Rxd8 Rxd8 34.Na6 Kh7 35.Rb1  1-0

[Event "Jakarta"]
[Site "Jakarta"]
[Date "1994.??.??"]
[Round "9"]
[White "Ye Rongguang"]
[Black "Serper, Grigory"]
[Result "1/2-1/2"]
[WhiteElo "2500"]
[BlackElo "2560"]

1.d4 d5 2.Nf3 c6 3.Bg5 Bg4 4.Nbd2 Nd7 5.e3 Ngf6 6.h3 Bxf3 7.Nxf3 e6 8.Bd3 Be7
9.O-O Nh5 10.Bxe7 Qxe7 11.Ne5 Nxe5 12.Qxh5 Nxd3 13.cxd3 O-O 14.Rac1 f6 15.f4 Rae8
16.Rf2 Rf7 17.a3 Qd6 18.Qg4 Ree7  1/2-1/2

[Event "Jakarta"]
[Site "Jakarta"]
[Date "1994.??.??"]
[Round "10"]
[White "Serper, Grigory"]
[Black "Sitanggang, Salor"]
[Result "1/2-1/2"]
[WhiteElo "2560"]
[BlackElo "2390"]

1.c4 c5 2.Nf3 Nc6 3.d4 cxd4 4.Nxd4 g6 5.e4 Bg7 6.Be3 d6 7.Nc3 Nf6 8.Be2 O-O
9.O-O Bd7 10.Nc2 Qa5 11.Rc1 Rfc8 12.f3 Qd8 13.Qd2 Qf8 14.b3 h6 15.Rfd1 Kh7
16.Bf1 Be6 17.Nd5 Ne8 18.Ne1 Bd7 19.Kh1 Rd8 20.Qf2 Qh8 21.Nd3 e6 22.N5b4 Nxb4
23.Nxb4 a5 24.Nc2 Bc6 25.Bd4 Bf6 26.h4 Qg7  1/2-1/2

[Event "Kstovo op"]
[Site "Kstovo"]
[Date "1994.??.??"]
[Round "1"]
[White "Kapeljus, Lazar"]
[Black "Serper, Grigory"]
[Result "1/2-1/2"]
[WhiteElo "2370"]
[BlackElo "2575"]

1.d4 d5 2.Nf3 c6 3.e3 Bf5 4.c4 e6 5.Nc3 Nf6 6.Be2 Nbd7 7.O-O h6 8.a3 Bd6
9.b4 Ne4 10.Bb2 O-O 11.Nxe4 Bxe4  1/2-1/2

[Event "Kstovo op"]
[Site "Kstovo"]
[Date "1994.??.??"]
[Round "2"]
[White "Serper, Grigory"]
[Black "Koniushkov, Igor"]
[Result "1-0"]
[WhiteElo "2575"]
[BlackElo "2230"]

1.c4 e6 2.Nc3 d5 3.d4 Be7 4.Nf3 Nf6 5.Bg5 h6 6.Bh4 O-O 7.Qc2 c5 8.dxc5 Qa5
9.cxd5 Nxd5 10.Bxe7 Nxe7 11.e3 Qxc5 12.Bd3 Nbc6 13.a3 Ne5 14.Nxe5 Qxe5 15.Rd1 Qc7
16.Nb5 Qxc2 17.Bxc2 a6 18.Nd6 b5 19.Ke2 Ra7 20.Be4 e5 21.Nxc8 Rxc8 22.Rd6 f5
23.Bb1 e4 24.h3 b4 25.a4 b3 26.Rb6 Rc4 27.Rxb3 Rxa4 28.Rd1 Rc7 29.g4 fxg4
30.hxg4 Ng6 31.Rb8+ Kf7 32.b3 Ra5 33.Bxe4 Ra2+ 34.Rd2 Rxd2+ 35.Kxd2 Ne5 36.f3 Rd7+
37.Kc3 Rd6 38.Rb7+ Kf6 39.Kb4 Nf7 40.Kc5 Rd1 41.Rb6+ Ke7 42.Rxa6 Re1 43.Bd5 Rc1+
44.Kd4 Rd1+ 45.Ke4 Nd6+ 46.Ke5 Nb5 47.Re6+ Kf8 48.Rb6 Nc7 49.Bc4 Ke7 50.e4  1-0

[Event "Kstovo op"]
[Site "Kstovo"]
[Date "1994.??.??"]
[Round "9"]
[White "Filipenko, Alexander V"]
[Black "Serper, Grigory"]
[Result "1/2-1/2"]
[WhiteElo "2415"]
[BlackElo "2575"]

1.e4 c5 2.Nf3 d6 3.d4 cxd4 4.Nxd4 Nf6 5.Nc3 Nc6 6.g3 g6 7.Bg2 Bd7 8.Nde2 Bg7
9.O-O O-O 10.h3 Rc8 11.Be3 Na5 12.b3 b5 13.a3 Qc7 14.Rc1 Rfe8  1/2-1/2

[Event "Moscow ol (Men)"]
[Site "Moscow"]
[Date "1994.??.??"]
[Round "4"]
[White "Serper, Grigory"]
[Black "Lobron, Eric"]
[Result "1/2-1/2"]
[WhiteElo "2575"]
[BlackElo "2580"]

1.c4 Nf6 2.Nc3 e5 3.Nf3 Nc6 4.g3 Bb4 5.Bg2 O-O 6.O-O Bxc3 7.bxc3 Re8 8.d3 e4
9.Nd4 Ne5 10.c5 exd3 11.exd3 Rb8 12.Nb5 b6 13.d4 Ng6 14.c4 bxc5 15.dxc5 Bb7
16.Bxb7 Rxb7 17.Bg5 a6 18.Nc3 h6 19.Bxf6 Qxf6 20.Qxd7 Rbb8 21.Nd5 Qf3 22.Rae1 Rxe1
23.Rxe1 Ne5 24.Ne7+ Kh7 25.Qd4 Nd3 26.Rf1 Re8 27.Qd7 Rxe7  1/2-1/2

[Event "Oberwart op"]
[Site "Oberwart"]
[Date "1994.??.??"]
[Round "7"]
[White "Landa, Konstantin"]
[Black "Serper, Grigory"]
[Result "1-0"]
[WhiteElo "2510"]
[BlackElo "2575"]

1.Nf3 d5 2.d4 c6 3.c4 Nf6 4.Nc3 e6 5.Bg5 h6 6.Bxf6 Qxf6 7.Qb3 dxc4 8.Qxc4 Nd7
9.Rd1 Qe7 10.e4 Qb4 11.Qe2 Qa5 12.Qc2 Bb4 13.Nd2 O-O 14.e5 c5 15.a3 cxd4
16.axb4 Qc7 17.Nc4 dxc3 18.Qxc3 b5 19.Nd6 Qxc3+ 20.bxc3 Nxe5 21.Bxb5 a5 22.f4 Ng6
23.Bc6 Rb8 24.b5 Nxf4 25.g3 Ng6 26.O-O Ne5 27.Bg2 Bd7 28.Rfe1 f6 29.c4 a4
30.Re3 Be8 31.Bh3 Bf7 32.c5 Ra8 33.c6 a3 34.c7 a2 35.Ra1 Nd7 36.Nxf7  1-0

[Event "St Petersburg op"]
[Site "St Petersburg"]
[Date "1994.??.??"]
[Round "2"]
[White "Serper, Grigory"]
[Black "Yemelin, Vasily"]
[Result "1/2-1/2"]
[WhiteElo "2560"]
[BlackElo "2475"]

1.c4 Nf6 2.Nc3 c5 3.Nf3 Nc6 4.g3 b6 5.Bg2 Bb7 6.O-O Rc8 7.b3 e6 8.Bb2 Be7
9.d4 cxd4 10.Nxd4 Qc7 11.e4 O-O 12.Nxc6 Qxc6 13.Nb5 Ra8 14.Nd4 Qc8 15.e5 Ne8
16.Bxb7 Qxb7 17.Qe2 Nc7 18.Rad1 a6 19.Qg4 b5 20.Nf3 Rad8 21.Bc1 bxc4 22.bxc4 Ne8
23.Bg5 f6 24.exf6 Nxf6 25.Bxf6 Bxf6 26.Nd2 Qb2 27.Ne4 Qxa2 28.Rd2 Qa4 29.Rfd1 Qc6
30.Rd6 Qc8 31.Nxf6+ Rxf6 32.Qd4 Rf7 33.Rxe6 Rxf2 34.Re7 Rf6 35.Rde1  1/2-1/2

[Event "St Petersburg op2"]
[Site "St Petersburg"]
[Date "1994.??.??"]
[Round "7"]
[White "Serper, Grigory"]
[Black "Zagrebelny, Sergey"]
[Result "1-0"]
[WhiteElo "2575"]
[BlackElo "2515"]

1.c4 Nf6 2.Nc3 e5 3.Nf3 Nc6 4.g3 Bb4 5.Bg2 O-O 6.O-O Bxc3 7.bxc3 d6 8.d3 h6
9.e4 Be6 10.Nh4 Rb8 11.Rb1 a6 12.a4 Nh7 13.Nf5 Ne7 14.Nxe7+ Qxe7 15.a5 b5
16.axb6 cxb6 17.Qa4 b5 18.Qxa6 bxc4 19.Ba3 Ra8 20.Qxd6 Qf6 21.dxc4 Rfd8 22.Qe7 Qg6
23.Rfd1 Re8 24.Qd6 Ng5 25.Bb4 Qh5 26.Qd3 Bg4 27.Rd2 Nf3+ 28.Bxf3 Bxf3 29.Qe3 f5
30.h4 Qg4 31.exf5 Qxf5 32.Re1 Rac8 33.Rd5 Rc6 34.Kh2 Bxd5 35.cxd5 Rf6 36.Re2 Qg4
37.f4 Ra8 38.Qxe5 Rg6 39.Qe3 Rga6 40.c4 Ra2 41.Bd2 Kh8 42.Rg2 Qd1 43.d6 R2a3
44.Qe1 Qa4 45.Qe6 Qc6 46.f5 Rf8 47.d7 Qa8 48.Bb4 Ra2 49.Rxa2 Qxa2+ 50.Kh3 Qb1
51.Bxf8  1-0

[Event "Dhaka"]
[Site "Dhaka"]
[Date "1995.??.??"]
[Round "1"]
[White "Serper, Grigory"]
[Black "Magomedov, Magaram"]
[Result "1/2-1/2"]
[WhiteElo "2585"]
[BlackElo "2455"]

1.c4 e6 2.Nc3 d5 3.d4 c5 4.cxd5 exd5 5.Nf3 Nc6 6.g3 Nf6 7.Bg2 Be7 8.O-O O-O
9.b3 Bg4 10.dxc5 Bxc5 11.Bb2 Qd7 12.Rc1 Be7 13.Nb5 Ne4 14.Nbd4 Bf6 15.a3 Rfe8
16.Qd3  1/2-1/2

[Event "Dhaka"]
[Site "Dhaka"]
[Date "1995.??.??"]
[Round "3"]
[White "Murshed, Niaz"]
[Black "Serper, Grigory"]
[Result "1/2-1/2"]
[WhiteElo "2520"]
[BlackElo "2585"]

1.d4 d5 2.c4 c6 3.Nc3 e6 4.Nf3 Nf6 5.cxd5 exd5 6.Qc2 Be7 7.Bg5 g6 8.e4 dxe4
9.Bxf6 Bxf6 10.Qxe4+ Qe7 11.Bc4 O-O 12.Qxe7 Bxe7 13.O-O Bf5 14.Rfe1 Bf6 15.h3 h5
16.Ne5 Nd7 17.Ne4 Bxe5 18.dxe5 Nxe5 19.Nf6+ Kg7 20.Nxh5+ gxh5 21.Rxe5 Kf6
22.Rae1 Rad8 23.Re7 Rd7 24.Rxd7 Bxd7 25.h4 Bf5 26.Rd1 Re8 27.f3 Re5 28.Kf2 Rc5
29.Bb3 Be6 30.Rd3 Bxb3 31.Rxb3 Rc2+ 32.Ke3 b6 33.Rc3 Rxb2 34.Rxc6+ Kg7 35.g4 hxg4
36.fxg4 Rxa2 37.Kf4 Ra4+ 38.Kf5 Ra5+ 39.Kf4 Rc5 40.Rd6 Rc7 41.h5 b5 42.Ra6 b4
43.Ke3 b3 44.Ra1 b2 45.Rb1 Rc2 46.Kd3 Rg2 47.Kc3 Rxg4 48.Rxb2 a5 49.Rb5 a4
50.Ra5 a3 51.Kd3 Rg2 52.Ra6 Rh2 53.Ke4 Ra2 54.h6+ Kh7 55.Ra7 Ra1 56.Rxf7+ Kxh6
57.Rf2 Kg5 58.Kd4 a2 59.Rd2 Kf4 60.Rf2+ Kg4 61.Rd2 Kf5 62.Rf2+ Ke6 63.Re2+ Kd7
64.Rd2 Kc6 65.Rc2+ Kb5 66.Kc3  1/2-1/2

[Event "Dhaka"]
[Site "Dhaka"]
[Date "1995.??.??"]
[Round "10"]
[White "Serper, Grigory"]
[Black "Rahman, Ziaur"]
[Result "1/2-1/2"]
[WhiteElo "2585"]
[BlackElo "2445"]

1.c4 e6 2.g3 d5 3.Bg2 dxc4 4.Qa4+ c6 5.Qxc4 b5 6.Qc2 Bb7 7.Nf3 Nf6 8.O-O Be7
9.b3 O-O 10.Bb2 Nbd7 11.d3 Rc8 12.Nbd2 Nd5 13.a3 a6 14.Rac1 c5 15.Qb1 Bf6
16.Rc2 Bxb2 17.Qxb2 Qb6 18.Rfc1 Rc7 19.Ne5 Nxe5 20.Qxe5 f6 21.Qb2 Rfc8 22.h4 Ne7
23.Bxb7 Qxb7 24.Ne4 Qd5 25.b4 c4 26.Nc5 cxd3 27.Rd2 Qf5 28.Rxd3 a5 29.Rcd1 axb4
30.axb4 Nc6 31.Qb3 Re8 32.Rd7 Rxd7 33.Rxd7 Qg4 34.Rd6 Nd4 35.Qd3 e5 36.e3 Nf3+
37.Kf1 h5 38.Qe4 f5 39.Qxg4 hxg4 40.e4 f4 41.gxf4 exf4 42.Ne6 Ra8 43.Rd8+ Rxd8
44.Nxd8 Nd2+ 45.Ke2 Nxe4 46.f3 Nf6 47.Ne6 gxf3+  1/2-1/2

[Event "Dhaka"]
[Site "Dhaka"]
[Date "1995.??.??"]
[Round "12"]
[White "Serper, Grigory"]
[Black "Gunawan, Ruben"]
[Result "1-0"]
[WhiteElo "2585"]
[BlackElo "2430"]

1.c4 g6 2.e4 c5 3.Nf3 Bg7 4.d4 Nc6 5.dxc5 Qa5+ 6.Nfd2 Qxc5 7.Nb3 Qb6 8.Be2 d6
9.O-O Qd8 10.Nc3 Bxc3 11.bxc3 Nf6 12.Bh6 Nxe4 13.Bf3 Nxc3 14.Bxc6+ bxc6 15.Qf3 Na4
16.Rfe1 Qc7 17.c5 Be6 18.Qf4 Nb6 19.cxb6 axb6 20.Nd4 Bd5 21.Nb5  1-0

[Event "Kemerovo2"]
[Site "Kemerovo"]
[Date "1995.??.??"]
[Round "1"]
[White "Serper, Grigory"]
[Black "Isupov, Vladimir"]
[Result "1/2-1/2"]
[WhiteElo "2560"]
[BlackElo "2380"]

1.d4 Nf6 2.c4 g6 3.Nc3 Bg7 4.e4 d6 5.Be2 O-O 6.Be3 c6 7.Nf3 e5 8.O-O exd4
9.Bxd4 Re8 10.Qc2 Qe7 11.Rfe1 Nbd7 12.Rad1 Nc5 13.Nd2 h5 14.f3 h4 15.Nb3 Ne6
16.Be3 Nh5 17.Qd2 Be5 18.Nc1 Nef4 19.Nd3 Qf6 20.Nxf4  1/2-1/2

[Event "Kemerovo2"]
[Site "Kemerovo"]
[Date "1995.??.??"]
[Round "3"]
[White "Tataev, Manach"]
[Black "Serper, Grigory"]
[Result "0-1"]
[WhiteElo "2315"]
[BlackElo "2560"]

1.d4 d5 2.Nf3 Nf6 3.Bg5 Ne4 4.Bf4 c5 5.e3 Qb6 6.Bxb8 Qxb2 7.dxc5 Rxb8 8.a4 Qxa1
9.Bb5+ Bd7 10.Bxd7+ Kxd7 11.Qxd5+ Ke8 12.O-O Qxa4 13.Nd4 Nf6 14.Qe5 Rc8 15.Nc3 Qc4
16.c6 bxc6 17.Rb1 Qxc3  0-1

[Event "Kemerovo2"]
[Site "Kemerovo"]
[Date "1995.??.??"]
[Round "4"]
[White "Serper, Grigory"]
[Black "Permiakov, Vladimir"]
[Result "1-0"]
[WhiteElo "2560"]
[BlackElo "2330"]

1.c4 g6 2.e4 c5 3.Nf3 Nc6 4.d4 cxd4 5.Nxd4 Nf6 6.Nc3 d6 7.Be2 Nxd4 8.Qxd4 Bg7
9.Bg5 Qa5 10.Qd2 Be6 11.Rc1 O-O 12.f3 Rfc8 13.b3 a6 14.h4 b5 15.Nd5 Qxd2+
16.Kxd2 Bxd5 17.cxd5 e6 18.dxe6 fxe6 19.Rxc8+ Rxc8 20.a4 bxa4 21.bxa4 a5
22.Rc1 Rxc1 23.Kxc1 d5 24.Bd3 dxe4 25.fxe4 Nd7 26.Bd2 Nc5 27.Bc2 Nb7 28.Kd1 Bf6
29.g3 Kf7 30.Ke2 Ke7 31.Be1 Kd6 32.g4 Kc6 33.h5 gxh5 34.gxh5 h6 35.Bd2 Bg7
36.Kd3 Kb6 37.Be3+ Kc6 38.Bd2 Kb6 39.Be1 Kc6 40.Bf2 Bf6 41.Be3 Bg7 42.e5 Nc5+
43.Kc4 Nd7 44.Be4+ Kc7 45.Kb5 Nxe5 46.Bb6+ Kc8 47.Bxa5 Nf7 48.Bg2 Bd4 49.Bd2 Ng5
50.Kc6 Nf7 51.Bh3 Ng5 52.Bg4 Kd8 53.a5 Ke7 54.Bb4+ Kf6 55.Bc5  1-0

[Event "Kemerovo2"]
[Site "Kemerovo"]
[Date "1995.??.??"]
[Round "5"]
[White "Trofimov, Sergey"]
[Black "Serper, Grigory"]
[Result "0-1"]
[WhiteElo "2200"]
[BlackElo "2560"]

1.Nf3 d5 2.b3 Bg4 3.Bb2 Bxf3 4.exf3 Nf6 5.d4 e6 6.Bd3 c5 7.dxc5 Bxc5 8.O-O Nc6
9.a3 Bd4 10.Bxd4 Nxd4 11.Nc3 Rc8 12.Qd2 Qa5 13.b4 Qb6 14.Rab1 Qc6 15.Ne2 Nxe2+
16.Qxe2 O-O 17.Rfc1 Qc3 18.Qe3 d4 19.Qe5 Nd5 20.g3 Rfd8 21.Ra1 Nf6 22.f4 Qc7
23.Qe2 Qd6 24.Re1 g6 25.Qf3 Qc6 26.Qe2 Rd5 27.h4 Rc7 28.Rab1 Rc8 29.Rb3 Kg7
30.Rbb1 h6 31.Rb3 g5 32.b5 Qd6 33.fxg5 hxg5 34.hxg5 Rxg5 35.Qf3 b6 36.Kg2 Rh8
37.Rh1 Rxh1 38.Kxh1 e5 39.Bf5 Qd5 40.Qxd5 Nxd5 41.g4 Ne7 42.Bd7 Rg6 43.Rf3 e4
44.Rf4 Rd6 45.Be8 d3 46.cxd3 exd3 47.Rxf7+ Kg8 48.Rf4 d2 49.Bf7+ Kg7 50.Bb3 d1=Q+
51.Bxd1 Rxd1+ 52.Kg2 Rd5 53.Rb4 Kf6 54.f4 Rd2+ 55.Kf3 Rd3+ 56.Ke4 Rxa3 57.Rd4 Rb3
58.Rd6+ Kf7 59.Rd7 Rb4+ 60.Kf3 Kf6 61.f5 Ke5  0-1

[Event "Kemerovo2"]
[Site "Kemerovo"]
[Date "1995.??.??"]
[Round "7"]
[White "Khasin, Alexander"]
[Black "Serper, Grigory"]
[Result "1/2-1/2"]
[WhiteElo "2485"]
[BlackElo "2560"]

1.c4 c5 2.g3 g6 3.Bg2 Bg7 4.Nc3 Nc6 5.e3 e6 6.Nge2 Nge7 7.O-O O-O 8.d4 cxd4
9.Nxd4 Nxd4 10.exd4 d5 11.cxd5 Nxd5 12.Nxd5 exd5 13.Qb3 Be6 14.Be3 Qd7 15.a4 Rfc8
16.Rfc1  1/2-1/2

[Event "Kemerovo2"]
[Site "Kemerovo"]
[Date "1995.??.??"]
[Round "8"]
[White "Serper, Grigory"]
[Black "Zaitsev, Vadim"]
[Result "1-0"]
[WhiteElo "2560"]
[BlackElo "2350"]

1.c4 g6 2.e4 Bg7 3.d4 d6 4.Nc3 Nf6 5.Nge2 c6 6.g3 a6 7.Bg2 Nbd7 8.O-O O-O
9.h3 b5 10.e5 dxe5 11.Bxc6 Rb8 12.cxb5 axb5 13.Nxb5 Rb6 14.d5 Nb8 15.Nec3 Bxh3
16.Be3 Bxf1 17.Bxb6 Qxb6 18.Qxf1 Nxc6 19.dxc6 Qxc6 20.a4 e4 21.Qe2 Bh6 22.Re1 e3
23.fxe3 Nd7 24.Qg2 Qc5 25.Qd5 Bxe3+ 26.Kg2 Nb6 27.Qxc5 Bxc5 28.a5 Nc4 29.a6 Nxb2
30.Re5 Rc8 31.Ne4 Bb6 32.Rxe7 Rc2+ 33.Kh3 Bg1 34.g4 Nd3 35.g5 Nf2+ 36.Kg2 Kf8
37.a7 Nxe4+ 38.Kxg1 Kxe7 39.a8=Q Nxg5 40.Nd4 Nh3+ 41.Kf1 Rc1+ 42.Ke2 Nf4+
43.Ke3 Rf1 44.Qa3+ Kd7 45.Qc5 Ng2+ 46.Ke2 Ra1 47.Qc6+ Ke7 48.Qc2 Ke8 49.Qe4+ Kd7
50.Qd5+ Ke8 51.Kf2 Ne1 52.Nc6  1-0

[Event "Kemerovo2"]
[Site "Kemerovo"]
[Date "1995.??.??"]
[Round "12"]
[White "Serper, Grigory"]
[Black "Makarov, Marat"]
[Result "1/2-1/2"]
[WhiteElo "2560"]
[BlackElo "2520"]

1.c4 g6 2.e4 Bg7 3.d4 d6 4.Nc3 Nf6 5.Be2 O-O 6.Bg5 Na6 7.f3 c6 8.Qd2 e5 9.d5 cxd5
10.cxd5 Bd7 11.Bb5 Bxb5 12.Nxb5 Qd7 13.Nc3 b5 14.b3 Nh5 15.Nh3 f5 16.O-O b4
17.Na4 fxe4 18.fxe4 Qg4 19.Nf2 Qd7 20.Rac1 Nc7 21.Qxb4 Nb5 22.Be3 Nd4 23.Qd2 Rac8
24.Nc3 Nf4 25.Bxf4 exf4 26.Ne2 Nxe2+ 27.Qxe2 a5 28.Kh1 Rxc1 29.Rxc1 Qa7 30.Nd3  1/2-1/2

[Event "Kemerovo2"]
[Site "Kemerovo"]
[Date "1995.??.??"]
[Round "13"]
[White "Mikhailov, V."]
[Black "Serper, Grigory"]
[Result "0-1"]
[WhiteElo "2355"]
[BlackElo "2560"]

1.d4 d5 2.c4 c6 3.Nf3 Nf6 4.Nc3 e6 5.g3 dxc4 6.Bg2 b5 7.O-O Bb7 8.a4 a6 9.Ne5 Nd5
10.Nxd5 cxd5 11.e4 dxe4 12.Qh5 Qc7 13.Bf4 Bd6 14.Nxf7 Qxf7 15.Qxf7+ Kxf7
16.Bxd6 Rd8 17.Bc7 Rc8 18.Bxb8 Raxb8 19.Rfe1 b4 20.Bxe4 Bxe4 21.Rxe4 c3 22.bxc3 bxc3
23.Rc1 c2 24.a5 Rb1 25.Ree1 Rxc1 26.Rxc1 Ke7 27.Kf1 Kd6 28.Ke2 Kd5 29.Kd3 Rc4
30.Rxc2 Rxc2 31.Kxc2 Kxd4 32.Kb3 e5 33.Kb4 e4 34.g4 g5 35.h3 h6  0-1

[Event "Novgorod op"]
[Site "Novgorod"]
[Date "1995.??.??"]
[Round "1"]
[White "Volzhin, Alexander"]
[Black "Serper, Grigory"]
[Result "1/2-1/2"]
[WhiteElo "2425"]
[BlackElo "2585"]

1.d4 d5 2.c4 c6 3.Nc3 Nf6 4.Nf3 e6 5.Bg5 h6 6.Bxf6 Qxf6 7.Qb3 dxc4 8.Qxc4 Nd7
9.Rd1 Qe7 10.g3 g6 11.Bg2 Bg7 12.O-O O-O 13.Qb3 Rd8 14.e3 Nb6 15.Ne5 Bd7
16.Nxd7  1/2-1/2